00658nam a2200229Ia 4500001000700000008004100007010001100048082001400059100002800073245010800101260005300209300001100262440000500273500000500278503000500283650008500288901001400373902000600387910000900393942000700402999001900409Z_2742220113s1990 xx 000 0 und d a165802 a633.2 H49 aHerrera, R. S.954973 aKing grass : plantación, establecimiento y manejo en Cuba /cpor R. S. Herrera... /cy otros /c aLa Habana :bInstituto de Ciencia Animal,c1990 a242 p. a a a aPastosxCuba 2 Pennisetum purpureum I. Institutode Ciencia Animal II. t.9139825 a633.2 H49 aA a1990 cc1 c165802d165802